| 000 | 00896nam a2200241u 4500 | ||
|---|---|---|---|
| 999 |
_c20766 _d20766 |
||
| 001 | 6788959 | ||
| 003 | BDDh-ASL | ||
| 005 | 20231015025931.0 | ||
| 008 | 821105s1963 enk 000 0 eng | ||
| 010 | _a 02004354 | ||
| 040 |
_aDLC _cCarP _dDLC _dBDDh-ASL |
||
| 050 | 0 | 0 |
_aBP109 _b.R6 1861 |
| 082 |
_a297.12 _bQUK |
||
| 130 | _aKoran. English. [from old catalog] | ||
| 245 | 0 | 4 |
_aThe Koran: translated from the Arabic / _bthe suras arranged in chronological order; with notes and index. |
| 260 |
_aLondon [etc.] _bWilliams and Norgate, _c1963. |
||
| 300 |
_axxvi, [2], 659 p. _c19 cm. |
||
| 650 | 0 |
_91652 _aIslam |
|
| 650 | 0 |
_aReligion, ধর্ম, Dharma, faith, creed, law, worship, property, আস্তিকতা, দীন _92606 |
|
| 700 | 1 |
_aRodwell, John Medows, _d1808-1900, [from old catalog] _etr. |
|
| 906 |
_a0 _bcbc _cpremunv _du _encip _f19 _gy-gencatlg |
||
| 942 |
_2ddc _cBK |
||